| Tag |
First Indicator |
Second Indicator |
Subfields |
| LEADER |
00000cam a2200000 4500 |
| 001 |
in00000080551 |
| 005 |
20151008052938.0 |
| 008 |
741004s1910 mau b 00000 eng u |
| 010 |
|
|
|a 10012174
|
| 035 |
|
|
|a (OCoLC)01030594
|
| 035 |
|
|
|9 AAH5568AM
|
| 040 |
|
|
|c IWU
|d TXA
|d UtOrBLW
|
| 049 |
|
|
|a TXAM
|c [229628]
|
| 050 |
0 |
0 |
|a LD7092.7 1837
|b .G5
|
| 092 |
|
|
|a 376.6
|b L9913g
|
| 100 |
1 |
|
|a Gilchrist, Beth Bradford,
|d 1879-1957.
|
| 245 |
1 |
4 |
|a The life of Mary Lyon /
|c by Beth Bradford Gilchrist.
|
| 264 |
|
1 |
|a Boston,
|a New York :
|b Houghton Mifflin company,
|c 1910.
|
| 300 |
|
|
|a x pages, 1 leaf, 462 pages, 1 leaf :
|b plates, 2 portrait (including frontispiece) facsimiles ;
|c 21 cm.
|
| 336 |
|
|
|a text
|b txt
|2 rdacontent
|
| 337 |
|
|
|a unmediated
|b n
|2 rdamedia
|
| 338 |
|
|
|a volume
|b nc
|2 rdacarrier
|
| 504 |
|
|
|a Bibliography: pages [443]-453.
|
| 600 |
1 |
0 |
|a Lyon, Mary,
|d 1797-1849.
|
| 999 |
|
|
|a MARS
|
| 999 |
f |
f |
|s 7882d6d3-77e1-39d8-ab4f-a0335fc77080
|i 6bb4b358-6dd8-3841-b094-58d24ff3b3b6
|t 0
|
| 952 |
f |
f |
|p normal
|a Texas A&M University
|b College Station
|c Sterling C. Evans Library
|d Evans: Library Stacks
|t 0
|e LD7092.7 1837 .G5
|h Library of Congress classification
|i unmediated -- volume
|m A14800859383
|
| 998 |
f |
f |
|a LD7092.7 1837 .G5
|t 0
|l Evans: Library Stacks
|